[Event "Piaui-ch final"]
[Site "Teresina"]
[Date "2018.01.05"]
[Round "11"]
[White "Mello Sales, Caio de"]
[Black "Silva Sobrinho, Agostinho Jose"]
[Result "0-1"]
[WhiteElo "1892"]
[BlackElo "2113"]
[PlyCount "94"]
[EventDate "2017.12.28"]
[EventType "tourn"]
[EventRounds "18"]
[EventCountry "BRA"]
[SourceTitle "EXT 2019"]
[Source "ChessBase"]
[SourceDate "2018.10.10"]
[SourceVersion "1"]
[SourceVersionDate "2018.10.10"]
[SourceQuality "1"]

1. e4 c5 2. Nf3 e6 3. d4 cxd4 4. Nxd4 a6 5. Bd3 Nc6 6. Nxc6 dxc6 7. 0-0 e5 8. Be3 Be6 9. Nd2 Nf6 10. f3 Be7 11. Nc4 Nd7 12. a4 b5 13. axb5 axb5 14. Rxa8 Qxa8 15. Nb6 Nxb6 16. Bxb6 Qb7 17. Be3 0-0 18. Qe2 Rd8 19. Qf2 Bc4 20. Ra1 Bxd3 21. Ra7 Ra8 22. cxd3 Rxa7 23. Bxa7 Qa6 24. h3 Bg5 25. Kh2 Bf4+ 26. g3 Bc1 27. Bb8 b4 28. Qc2 Be3 29. Bxe5 Qa1 30. Qg2 Qd1 31. d4 Bxd4 32. Bxd4 Qxd4 33. Qe2 c5 34. e5 Qd5 35. Kg2 c4 36. Kf1 g6 37. Kf2 Qc5+ 38. Ke1 c3 39. bxc3 Qxc3+ 40. Kd1 Kg7 41. f4 Qxg3 42. Qd2 Qb3+ 43. Ke2 Qc4+ 44. Kd1 b3 45. Qb2 Qf1+ 46. Kd2 Qxf4+ 47. Ke1 Qg3+ 0-1

[Event "Piaui-ch final"]
[Site "Teresina"]
[Date "2018.01.05"]
[Round "12"]
[White "Silva Sobrinho, Agostinho Jose"]
[Black "Amorim, Gidelson Ferreira"]
[Result "0-1"]
[WhiteElo "2113"]
[BlackElo "2015"]
[PlyCount "138"]
[EventDate "2017.12.28"]
[EventType "tourn"]
[EventRounds "18"]
[EventCountry "BRA"]
[SourceTitle "EXT 2019"]
[Source "ChessBase"]
[SourceDate "2018.10.10"]
[SourceVersion "1"]
[SourceVersionDate "2018.10.10"]
[SourceQuality "1"]

1. d4 Nf6 2. c4 g6 3. Nc3 d5 4. cxd5 Nxd5 5. Qb3 Nxc3 6. bxc3 Bg7 7. Ba3 0-0 8. e3 Nc6 9. Nf3 b6 10. Rd1 Bb7 11. Be2 Na5 12. Qc2 Re8 13. 0-0 Qc8 14. h3 c5 15. d5 Qc7 16. Rfe1 e5 17. Bb5 Red8 18. e4 Bc8 19. Qe2 a6 20. Ba4 Rb8 21. Bc2 Nb7 22. Nd2 Bd7 23. Bc1 Bb5 24. c4 Bd7 25. Nb3 Nd6 26. Bg5 f6 27. Be3 Rf8 28. f4 Rbe8 29. fxe5 fxe5 30. Rf1 Qd8 31. Nxc5 bxc5 32. Bxc5 Qc7 33. Bxd6 Qxd6 34. Qe3 Rc8 35. Bb3 a5 36. Rc1 Qc5 37. Qxc5 Rxc5 38. Rxf8+ Kxf8 39. a3 Bh6 40. Rc3 Bd2 41. Rf3+ Ke7 42. Kf1 g5 43. Ke2 g4 44. d6+ Ke8 45. Rf1 Bf4 46. hxg4 Bxg4+ 47. Kd3 Bd7 48. Rh1 h6 49. g3 Bg5 50. Rb1 Kf7 51. Bd1 Rc6 52. Bh5+ Ke6 53. Bg4+ Kf6 54. Rf1+ Kg6 55. Bf5+ Bxf5 56. Rxf5 Rxd6+ 57. Kc3 Rd4 58. Rxe5 Rd6 59. Kc2 a4 60. g4 Rd2+ 61. Kb1 Rb2+ 62. Kxb2 Bf6 63. Kc3 Bxe5+ 64. Kb4 Kg5 65. Kxa4 Kxg4 66. Kb5 h5 67. a4 h4 68. a5 h3 69. a6 Bb8 0-1

[Event "Piaui-ch"]
[Site "Teresina"]
[Date "2017.10.18"]
[Round "5"]
[White "Silva Sobrinho, Agostinho Jose"]
[Black "De Araujo, Sergio C Mendes"]
[Result "1-0"]
[WhiteElo "2128"]
[BlackElo "1949"]
[PlyCount "115"]
[EventDate "2017.10.12"]
[EventType "tourn"]
[EventRounds "9"]
[EventCountry "BRA"]
[SourceTitle "CBM 181 Extra"]
[Source "ChessBase"]
[SourceDate "2017.12.12"]
[SourceVersion "1"]
[SourceVersionDate "2017.12.12"]
[SourceQuality "1"]

1. d4 e6 2. c4 d5 3. Nc3 c6 4. cxd5 exd5 5. Nf3 Bf5 6. Bf4 Bd6 7. Bxd6 Qxd6 8. Qb3 Qe7 9. e3 Nf6 10. Ne5 0-0 11. Bd3 Bxd3 12. Nxd3 Na6 13. 0-0 h6 14. Rac1 Rab8 15. Ne5 Nd7 16. Nxd7 Qxd7 17. Qa4 Qe7 18. a3 Rfe8 19. b4 Ra8 20. b5 Nb8 21. bxc6 bxc6 22. Rb1 Qe6 23. Rb7 Re7 24. Rfb1 Rxb7 25. Rxb7 a5 26. Qb3 Nd7 27. Na4 Rd8 28. h3 Qd6 29. Qc3 Rb8 30. Nc5 Rxb7 31. Nxb7 Qc7 32. Nxa5 c5 33. dxc5 Qxc5 34. Qxc5 Nxc5 35. Nc6 Kf8 36. Nb4 d4 37. exd4 Nb3 38. Nc6 Ke8 39. a4 Kd7 40. Ne5+ Ke6 41. Nf3 Kd5 42. Kf1 Nxd4 43. Nxd4 Kxd4 44. Ke2 Kc4 45. Ke3 Kb4 46. Kd4 Kxa4 47. Kc4 Ka3 48. f4 Kb2 49. Kd3 Kb3 50. g4 Kb4 51. Kd4 Kb5 52. Kd5 Kb4 53. Kd6 Kc4 54. Ke7 f5 55. gxf5 Kd5 56. f6 gxf6 57. Kxf6 Ke4 58. f5 1-0

[Event "Luiz Rego Memorial 5th"]
[Site "Teresina"]
[Date "2017.08.05"]
[Round "4"]
[White "Silva Sobrinho, Agostinho Jose"]
[Black "Lima Filho, Jose Pacifico"]
[Result "1-0"]
[WhiteElo "2143"]
[BlackElo "1898"]
[PlyCount "81"]
[EventDate "2017.08.04"]
[EventType "swiss"]
[EventRounds "6"]
[EventCountry "BRA"]
[SourceTitle "CBM 180 Extra"]
[Source "ChessBase"]
[SourceDate "2017.10.06"]
[SourceVersion "1"]
[SourceVersionDate "2017.10.06"]
[SourceQuality "1"]

1. d4 d5 2. Nf3 Nf6 3. Bg5 Ne4 4. Bf4 Bf5 5. e3 Nd7 6. Bd3 Ndf6 7. h3 e6 8. g4 Bg6 9. Ne5 Bd6 10. f3 Nd7 11. fxe4 Qh4+ 12. Kd2 dxe4 13. Nxg6 hxg6 14. Bxe4 Bxf4 15. exf4 Qf2+ 16. Qe2 Qxd4+ 17. Kc1 0-0-0 18. c3 Qf6 19. Qf3 Nc5 20. Nd2 e5 21. Kc2 exf4 22. b4 Nxe4 23. Nxe4 Qc6 24. Rad1 f5 25. Ng5 Qc4 26. Kb2 Rhe8 27. Rxd8+ Rxd8 28. Rd1 Re8 29. Qd5 Qe2+ 30. Rd2 Qe7 31. gxf5 Rd8 32. Qxd8+ Qxd8 33. Rxd8+ Kxd8 34. fxg6 Ke7 35. Kc2 Kf6 36. Nf3 Kxg6 37. Kd3 Kf5 38. h4 b6 39. b5 g6 40. c4 Kg4 41. Ke4 1-0

[Event "Luiz Rego Memorial 5th"]
[Site "Teresina"]
[Date "2017.08.04"]
[Round "2"]
[White "Silva Sobrinho, Agostinho Jose"]
[Black "De Araujo, Sergio C Mendes"]
[Result "0-1"]
[WhiteElo "2143"]
[BlackElo "1932"]
[PlyCount "102"]
[EventDate "2017.08.04"]
[EventType "swiss"]
[EventRounds "6"]
[EventCountry "BRA"]
[SourceTitle "CBM 180 Extra"]
[Source "ChessBase"]
[SourceDate "2017.10.06"]
[SourceVersion "1"]
[SourceVersionDate "2017.10.06"]
[SourceQuality "1"]

1. d4 Nf6 2. c4 e6 3. Nf3 b6 4. a3 Bb7 5. Nc3 Be7 6. d5 0-0 7. e4 exd5 8. exd5 Re8 9. Be2 d6 10. 0-0 Nbd7 11. Bd3 a5 12. Bf4 Nc5 13. Bc2 Qd7 14. b4 axb4 15. axb4 Rxa1 16. Qxa1 Ra8 17. Qb1 Na6 18. Bf5 Qd8 19. Re1 g6 20. Bd3 Nh5 21. Bd2 Bf6 22. Ne4 Bg7 23. g4 Nf6 24. Bg5 h6 25. Nxf6+ Bxf6 26. Bxh6 Bc3 27. Bd2 Bxd2 28. Nxd2 Qg5 29. Re3 Re8 30. h3 f5 31. Nf3 Qf4 32. gxf5 Bc8 33. Nh2 gxf5 34. Rg3+ Kh8 35. Nf3 Rg8 36. Kg2 Rxg3+ 37. fxg3 Qe3 38. Qb2+ Kg8 39. Bf1 f4 40. g4 Qe4 41. Qc3 Bd7 42. Kf2 b5 43. Ng5 Qe7 44. Nf3 Qe4 45. Bd3 Qe3+ 46. Kg2 Nxb4 47. Qxb4 Qxd3 48. Qd2 Qe4 49. cxb5 Bxb5 50. Kf2 Bd3 51. Ne1 Qd4+ 0-1

[Event "Piauiense-ch"]
[Site "Teresina"]
[Date "2016.12.16"]
[Round "8"]
[White "Sales, Luis Carlos"]
[Black "Silva Sobrinho, Agostinho Jose"]
[Result "0-1"]
[WhiteElo "1825"]
[BlackElo "2167"]
[PlyCount "88"]
[EventDate "2016.11.25"]
[EventType "tourn"]
[EventRounds "9"]
[EventCountry "BRA"]
[SourceTitle "EXT 2018"]
[Source "ChessBase"]
[SourceDate "2017.10.13"]
[SourceVersion "1"]
[SourceVersionDate "2017.10.13"]
[SourceQuality "1"]

1. d4 Nf6 2. Nf3 c5 3. e3 e6 4. b3 cxd4 5. Nxd4 Bb4+ 6. c3 Be7 7. Bd3 Nc6 8. 0-0 a6 9. a4 Nxd4 10. cxd4 d5 11. Ba3 Bd7 12. Bxe7 Qxe7 13. Nd2 0-0 14. Qe2 Rfc8 15. Rfc1 Qb4 16. Qd1 Rc3 17. Rxc3 Qxc3 18. Nf3 Rc8 19. Ne5 Be8 20. Rb1 b5 21. h4 Ne4 22. Bxe4 dxe4 23. axb5 Bxb5 24. b4 f6 25. Ng4 Bd3 26. Rb3 Qc1 27. Qxc1 Rxc1+ 28. Kh2 h5 29. Nxf6+ gxf6 30. Kg3 Kf7 31. Rb2 Rb1 32. Rxb1 Bxb1 33. Kf4 Kg6 34. f3 exf3 35. gxf3 Kf7 36. e4 Ke7 37. Ke3 e5 38. f4 Ke6 39. d5+ Kd6 40. Kf3 Ba2 41. Ke3 Bb3 42. Kf3 Bd1+ 43. Ke3 Bg4 44. f5 Bxf5 0-1

[Event "Piauiense-ch"]
[Site "Teresina"]
[Date "2016.12.15"]
[Round "7"]
[White "Silva Sobrinho, Agostinho Jose"]
[Black "Amorim, Gidelson Ferreira"]
[Result "1-0"]
[WhiteElo "2167"]
[BlackElo "1979"]
[PlyCount "95"]
[EventDate "2016.11.25"]
[EventType "tourn"]
[EventRounds "9"]
[EventCountry "BRA"]
[SourceTitle "EXT 2018"]
[Source "ChessBase"]
[SourceDate "2017.10.13"]
[SourceVersion "1"]
[SourceVersionDate "2017.10.13"]
[SourceQuality "1"]

1. d4 Nf6 2. c4 e6 3. Nf3 b6 4. a3 Bb7 5. Nc3 d5 6. cxd5 exd5 7. Bg5 Be7 8. e3 0-0 9. Bd3 Nbd7 10. Rc1 c5 11. 0-0 c4 12. Bf5 h6 13. Bh4 a6 14. Nd2 b5 15. Qf3 Re8 16. Bg3 Nf8 17. Be5 Ng6 18. Bg3 Qb6 19. Rfd1 Rad8 20. h4 Nh7 21. Qg4 Nf6 22. Qh3 Bc8 23. h5 Nf8 24. Be5 Bxf5 25. Qxf5 Qe6 26. Qxe6 fxe6 27. Bxf6 gxf6 28. Nf3 f5 29. Ne2 Bd6 30. g3 Nd7 31. Kg2 Nf6 32. Nc3 Kg7 33. Rh1 Rb8 34. Rc2 Kh7 35. Re2 a5 36. a4 bxa4 37. Nxa4 Ne4 38. Nd2 Nxd2 39. Rxd2 Rb3 40. Ra1 Reb8 41. Rc2 Kg7 42. Nc3 Rxb2 43. Rxb2 Rxb2 44. Rxa5 Bb4 45. Ra7+ Kf6 46. Nb5 Be1 47. Nd6 Bxf2 48. Ne8+ 1-0

[Event "Luiz Rego Memorial 4th"]
[Site "Teresina"]
[Date "2016.06.26"]
[Round "5"]
[White "Silva Sobrinho, Agostinho Jose"]
[Black "Carvalho, Lazaro Miranda"]
[Result "1-0"]
[WhiteElo "2187"]
[BlackElo "1841"]
[PlyCount "92"]
[EventDate "2016.06.24"]
[EventType "swiss"]
[EventRounds "6"]
[EventCountry "BRA"]
[SourceTitle "EXT 2017"]
[Source "ChessBase"]
[SourceDate "2016.10.25"]
[SourceVersion "1"]
[SourceVersionDate "2016.10.25"]
[SourceQuality "1"]

1. d4 Nf6 2. c4 e6 3. Nf3 b6 4. a3 Be7 5. Nc3 0-0 6. e4 Bb7 7. d5 d6 8. Bd3 e5 9. 0-0 Nbd7 10. h3 h6 11. Be3 Nh7 12. b4 Ng5 13. Nh2 Nf6 14. h4 Ngh7 15. Qd2 Nh5 16. g3 Bc8 17. Be2 N5f6 18. Bf3 Kh8 19. Kg2 Bd7 20. Rh1 Qc8 21. Qe2 a5 22. Rhc1 Qa6 23. c5 bxc5 24. bxc5 dxc5 25. Qxa6 Rxa6 26. Be2 Rb6 27. Nf3 Bd6 28. Nd2 a4 29. Nc4 Rb7 30. f3 Rfb8 31. Bd1 Ra8 32. Rab1 Rxb1 33. Rxb1 g5 34. hxg5 Nxg5 35. g4 Kg7 36. Bc2 Ne8 37. Ne2 f6 38. Rb7 Bc8 39. Rb5 Bd7 40. Rb1 Kg6 41. Kg3 Kg7 42. f4 Nf7 43. f5 Kh7 44. Nc3 Ng5 45. Bxg5 hxg5 46. Nxd6 Nxd6 1-0

[Event "Luiz Rego Memorial 4th"]
[Site "Teresina"]
[Date "2016.06.25"]
[Round "4"]
[White "Amorim, Gidelson Ferreira"]
[Black "Silva Sobrinho, Agostinho Jose"]
[Result "1-0"]
[WhiteElo "1954"]
[BlackElo "2187"]
[PlyCount "86"]
[EventDate "2016.06.24"]
[EventType "swiss"]
[EventRounds "6"]
[EventCountry "BRA"]
[SourceTitle "EXT 2017"]
[Source "ChessBase"]
[SourceDate "2016.10.25"]
[SourceVersion "1"]
[SourceVersionDate "2016.10.25"]
[SourceQuality "1"]

1. e4 c5 2. Nf3 e6 3. d4 cxd4 4. Nxd4 a6 5. Nc3 Qc7 6. a4 Nf6 7. Bd3 Nc6 8. Nxc6 dxc6 9. Be3 c5 10. 0-0 Bd7 11. f3 b6 12. Qe1 c4 13. Be2 Bc5 14. Qf2 Rc8 15. Bxc5 Qxc5 16. Qxc5 Rxc5 17. Rfd1 Ke7 18. Rd4 Rhc8 19. Rad1 b5 20. axb5 axb5 21. Ra1 b4 22. Nd1 e5 23. Rd2 c3 24. bxc3 bxc3 25. Rd3 Bb5 26. Re3 Bxe2 27. Rxe2 Rd8 28. Re3 Rd2 29. Rc1 g5 30. Nxc3 g4 31. Rd3 Rxd3 32. cxd3 Ke6 33. Ne2 Rxc1+ 34. Nxc1 gxf3 35. gxf3 Nh5 36. Ne2 Kd6 37. Kf2 f6 38. Ke3 Ng7 39. d4 exd4+ 40. Nxd4 f5 41. Nxf5+ Nxf5+ 42. exf5 Kd5 43. f4 h5 1-0

[Event "Luiz Rego Memorial 4th"]
[Site "Teresina"]
[Date "2016.06.24"]
[Round "2"]
[White "Pinheiro, Francisco Das Chaga"]
[Black "Silva Sobrinho, Agostinho Jose"]
[Result "0-1"]
[WhiteElo "1825"]
[BlackElo "2187"]
[PlyCount "122"]
[EventDate "2016.06.24"]
[EventType "swiss"]
[EventRounds "6"]
[EventCountry "BRA"]
[SourceTitle "EXT 2017"]
[Source "ChessBase"]
[SourceDate "2016.10.25"]
[SourceVersion "1"]
[SourceVersionDate "2016.10.25"]
[SourceQuality "1"]

1. Nf3 g6 2. g3 Bg7 3. d4 d6 4. Bg2 Nd7 5. e4 h6 6. 0-0 e5 7. dxe5 Nxe5 8. Nxe5 Bxe5 9. Nc3 Ne7 10. Be3 Bg7 11. Qd2 Be6 12. Bd4 0-0 13. Bxg7 Kxg7 14. Rad1 Kh7 15. Nd5 Bxd5 16. exd5 Nf5 17. Be4 Ng7 18. Qd3 f5 19. Bg2 Qf6 20. Qd4 Qxd4 21. Rxd4 Rae8 22. Bf3 Re5 23. Kg2 h5 24. h4 Rfe8 25. Rc4 R8e7 26. a4 Ne8 27. b4 Kg7 28. Rd4 Re1 29. Rd1 Rxf1 30. Kxf1 Nf6 31. Rd4 Nd7 32. c4 b6 33. Rd1 a5 34. bxa5 bxa5 35. Rb1 Nc5 36. Rb5 Nxa4 37. Rxa5 Nc5 38. Ra7 Kf6 39. Ra1 Nb3 40. Rd1 Nc5 41. Rd4 Re5 42. Rd2 Re7 43. Be2 Ne4 44. Rc2 Ke5 45. Kg2 Kd4 46. f3 Nc3 47. Bf1 Na4 48. Kf2 Nc5 49. Be2 Nd3+ 50. Kf1 Re3 51. Rd2 Kc3 52. Rd1 Kc2 53. Ra1 Nc1 54. Rxc1+ Kxc1 55. Kf2 Kd2 56. Bf1 Re1 57. Bg2 Rc1 58. Bf1 Rxf1+ 59. Kxf1 Kd3 60. Kf2 Kxc4 61. g4 f4 0-1

[Event "Piaui-ch 2014 final"]
[Site "Teresina"]
[Date "2014.11.13"]
[Round "1"]
[White "Silva Sobrinho, Agostinho Jose"]
[Black "Farias, Edilsom"]
[Result "1-0"]
[WhiteElo "2156"]
[BlackElo "1899"]
[PlyCount "65"]
[EventDate "2014.11.13"]
[EventType "tourn"]
[EventRounds "7"]
[EventCountry "BRA"]
[SourceTitle "EXT 2018"]
[Source "ChessBase"]
[SourceDate "2017.10.13"]
[SourceVersion "1"]
[SourceVersionDate "2017.10.13"]
[SourceQuality "1"]

1. d4 Nf6 2. c4 g6 3. Nc3 d5 4. cxd5 Nxd5 5. Nf3 Bg7 6. e4 Nxc3 7. bxc3 c5 8. Be3 Nc6 9. Rc1 Bg4 10. d5 Ne5 11. Bb5+ Kf8 12. Be2 Bxf3 13. gxf3 Qa5 14. Qd2 Rd8 15. c4 Qxd2+ 16. Kxd2 b6 17. f4 Nc6 18. Kc2 Nd4+ 19. Kd3 Nxe2 20. Kxe2 e6 21. Rhd1 Ke7 22. Rd3 exd5 23. cxd5 f6 24. a4 Kd6 25. f3 Rd7 26. a5 Rb8 27. axb6 axb6 28. Rb3 Rdb7 29. Rb5 Bf8 30. Rcb1 Kc7 31. e5 fxe5 32. fxe5 Ra8 33. R1b2 1-0

[Event "Piaui-ch 2013 final"]
[Site "Teresina"]
[Date "2014.01.17"]
[Round "2"]
[White "Silva Sobrinho, Agostinho Jose"]
[Black "Farias, Edilsom"]
[Result "1-0"]
[WhiteElo "2199"]
[BlackElo "1891"]
[PlyCount "81"]
[EventDate "2014.01.16"]
[EventType "tourn"]
[EventRounds "7"]
[EventCountry "BRA"]
[SourceTitle "EXT 2018"]
[Source "ChessBase"]
[SourceDate "2017.10.13"]
[SourceVersion "1"]
[SourceVersionDate "2017.10.13"]
[SourceQuality "1"]

1. d4 d5 2. c4 dxc4 3. Nf3 Nf6 4. Nc3 Bf5 5. e3 Bd3 6. Bxd3 cxd3 7. Qxd3 e6 8. 0-0 c6 9. e4 Be7 10. Bg5 0-0 11. e5 Nd5 12. Nxd5 cxd5 13. Bxe7 Qxe7 14. Rac1 Nc6 15. a3 Rfc8 16. b4 Rc7 17. Rc5 b6 18. Rc3 Rac8 19. Rfc1 Nd8 20. h4 Rxc3 21. Rxc3 Rxc3 22. Qxc3 Qd7 23. b5 h6 24. a4 Kf8 25. Ne1 Ke8 26. Nc2 Nb7 27. Nb4 Na5 28. Na6 Nc4 29. Qg3 Kf8 30. Nb8 Qc7 31. Nc6 a6 32. Qc3 a5 33. g4 Kg8 34. g5 hxg5 35. hxg5 Qd7 36. Qc1 Qe8 37. Kg2 Qf8 38. Kg3 Qa3+ 39. Qxa3 Nxa3 40. Nxa5 Nc4 41. Nxc4 1-0

[Event "Luiz Rego Memorial"]
[Site "Teresina"]
[Date "2013.08.17"]
[Round "4"]
[White "Silva Sobrinho, Agostinho Jose"]
[Black "Perdomo, Leandro Daniel"]
[Result "0-1"]
[WhiteElo "2172"]
[BlackElo "2388"]
[PlyCount "57"]
[EventDate "2013.08.16"]
[EventType "swiss"]
[EventRounds "6"]
[EventCountry "BRA"]
[SourceTitle "EXT 2014"]
[Source "ChessBase"]
[SourceDate "2013.11.20"]
[SourceVersion "1"]
[SourceVersionDate "2013.11.20"]
[SourceQuality "1"]

1. d4 Nf6 2. c4 g6 3. Nc3 Bg7 4. e4 d6 5. Nge2 0-0 6. Ng3 a6 7. Be2 c5 8. d5 b5 9. cxb5 axb5 10. Bxb5 Ba6 11. 0-0 h5 12. f3 Qb6 13. Bxa6 Nxa6 14. Nge2 c4+ 15. Kh1 Nb4 16. Nf4 Nd7 17. Qe2 Ne5 18. Be3 Qa6 19. Bd4 Rfb8 20. Nd1 Nxa2 21. g4 hxg4 22. fxg4 c3 23. Qxa6 Rxa6 24. Bxc3 Nxg4 25. Ne2 Rba8 26. h3 Bd4 27. Nxd4 Nf6 28. Re1 Ra4 29. b3 0-1

[Event "Luiz Rego Memorial"]
[Site "Teresina"]
[Date "2013.08.17"]
[Round "3"]
[White "Silva Sobrinho, Agostinho Jose"]
[Black "Reis, Paulo F Jatoba"]
[Result "1-0"]
[WhiteElo "2172"]
[BlackElo "2407"]
[PlyCount "93"]
[EventDate "2013.08.16"]
[EventType "swiss"]
[EventRounds "6"]
[EventCountry "BRA"]
[SourceTitle "EXT 2014"]
[Source "ChessBase"]
[SourceDate "2013.11.20"]
[SourceVersion "1"]
[SourceVersionDate "2013.11.20"]
[SourceQuality "1"]

1. d4 Nf6 2. c4 c5 3. d5 b5 4. cxb5 a6 5. bxa6 g6 6. Nc3 Bxa6 7. f4 d6 8. Nf3 Bg7 9. e4 Bxf1 10. Rxf1 0-0 11. e5 Ne8 12. Kf2 Nc7 13. Kg1 Nd7 14. Re1 Nb6 15. Be3 Ra6 16. Qd3 Qa8 17. Rad1 Na4 18. Nxa4 Rxa4 19. a3 Rd8 20. Qc2 Ra6 21. Qc4 Qb7 22. Rd2 Rb8 23. b4 cxb4 24. axb4 Ra4 25. Rb1 Ra3 26. Kf2 Nb5 27. Rc2 Rxe3 28. Kxe3 Na3 29. Qb3 Qxb4 30. Rc8+ Rxc8 31. Qxb4 Nc2+ 32. Kd3 Nxb4+ 33. Rxb4 Rd8 34. Ke4 f5+ 35. exf6 Bxf6 36. g4 Ra8 37. g5 Bg7 38. h4 Ra5 39. Rc4 Kf7 40. h5 gxh5 41. f5 Ra2 42. g6+ hxg6 43. Ng5+ Ke8 44. fxg6 Re2+ 45. Kf3 Re5 46. Ne6 Rxd5 47. Nc7+ 1-0

[Event "Piauiense-ch"]
[Site "Teresina"]
[Date "2012.06.30"]
[Round "3.1"]
[White "Lima Filho, Jose Pacifico"]
[Black "Silva Sobrinho, Agostinho Jose"]
[Result "0-1"]
[WhiteElo "1878"]
[BlackElo "2159"]
[PlyCount "142"]
[EventDate "2012.06.29"]
[EventType "swiss"]
[EventRounds "6"]
[EventCountry "BRA"]
[SourceTitle "EXT 2022"]
[Source "ChessBase"]
[SourceDate "2021.10.06"]
[SourceVersion "1"]
[SourceVersionDate "2021.10.06"]
[SourceQuality "1"]

1. c4 g6 2. g3 Bg7 3. Bg2 e5 4. Nc3 Ne7 5. e3 Nbc6 6. Nge2 0-0 7. d4 exd4 8. exd4 Nf5 9. d5 Ncd4 10. 0-0 Re8 11. Nxd4 Nxd4 12. Be3 Nf5 13. Bf4 d6 14. Re1 Bd7 15. Qd3 a6 16. Rac1 b6 17. a3 Qf6 18. Be4 Qd4 19. Qf1 Qf6 20. Qd3 h6 21. Rcd1 Kh7 22. Re2 Nd4 23. Ree1 Bg4 24. f3 Bd7 25. Be3 Nxf3+ 26. Bxf3 Qxf3 27. Rd2 Bf5 28. Qe2 Qxe2 29. Rexe2 Bg4 30. Re1 Re7 31. Bf2 Rae8 32. Rxe7 Rxe7 33. Kg2 Bf5 34. Kf3 h5 35. Be3 Bg4+ 36. Kf2 Bh6 37. Bxh6 Kxh6 38. Kg2 Bf5 39. Rd4 Re1 40. h3 Kg5 41. Kf2 Rc1 42. h4+ Kf6 43. Ke3 Ke5 44. Rf4 Rc2 45. Nd1 f6 46. b3 g5 47. Rf2 Rxf2 48. Nxf2 gxh4 49. gxh4 Bc2 50. b4 b5 51. Kd2 Bf5 52. Kc3 Bd7 53. Kd3 bxc4+ 54. Kxc4 Bb5+ 55. Kb3 Kxd5 56. a4 Be2 57. Kc3 Ke5 58. Kd2 Bf1 59. Ke3 d5 60. Nh1 d4+ 61. Kd2 Bh3 62. Nf2 Bf5 63. Nh1 Kd5 64. Ng3 Bg6 65. Ne2 Kc4 66. Nf4 Bf7 67. Nd3 Kb3 68. a5 Kc4 69. Ke2 Be8 70. Kd2 Bf7 71. Ke2 Kc3 0-1

[Event "Piauiense-ch"]
[Site "Teresina"]
[Date "2012.06.30"]
[Round "2.1"]
[White "Silva Sobrinho, Agostinho Jose"]
[Black "Nunes, Fabio Victor Barbos"]
[Result "1-0"]
[WhiteElo "2159"]
[BlackElo "1878"]
[PlyCount "39"]
[EventDate "2012.06.29"]
[EventType "swiss"]
[EventRounds "6"]
[EventCountry "BRA"]
[SourceTitle "EXT 2022"]
[Source "ChessBase"]
[SourceDate "2021.10.06"]
[SourceVersion "1"]
[SourceVersionDate "2021.10.06"]
[SourceQuality "1"]

1. d4 d5 2. c4 c6 3. cxd5 cxd5 4. Nc3 Nc6 5. Nf3 Nf6 6. Bf4 Bf5 7. e3 e6 8. Qb3 Qc8 9. Ne5 a6 10. Be2 Be7 11. 0-0 Nxe5 12. Bxe5 0-0 13. Rac1 Qd7 14. Na4 Ra7 15. Nb6 Qe8 16. Rc7 Bd8 17. Rc8 Qe7 18. Rfc1 Nd7 19. Bc7 e5 20. Bxd8 1-0

[Event "Teresina Taca"]
[Site "Teresina"]
[Date "2010.08.16"]
[Round "5"]
[White "Silva Sobrinho, Agostinho Jose"]
[Black "Ribeiro, Orlando Alves"]
[Result "1-0"]
[WhiteElo "2163"]
[BlackElo "1950"]
[PlyCount "85"]
[EventDate "2010.08.14"]
[EventType "swiss"]
[EventRounds "6"]
[EventCountry "BRA"]
[SourceTitle "EXT 2022"]
[Source "ChessBase"]
[SourceDate "2021.10.06"]
[SourceVersion "1"]
[SourceVersionDate "2021.10.06"]
[SourceQuality "1"]

1. d4 Nf6 2. c4 e6 3. Nf3 b6 4. a3 Bb7 5. Nc3 Be7 6. d5 0-0 7. e4 d6 8. Bd3 c6 9. 0-0 cxd5 10. cxd5 e5 11. h3 Nbd7 12. b4 a5 13. Be3 axb4 14. axb4 Rxa1 15. Qxa1 Qa8 16. Qb2 Qb8 17. Nd2 Nh5 18. Bb5 Bc8 19. Na4 Bd8 20. Rc1 Nf4 21. Qc2 Be7 22. Qc7 Rd8 23. Qxb8 Nxb8 24. Bxf4 exf4 25. Nxb6 Ba6 26. Ba4 Bd3 27. b5 Bf6 28. Rc7 Bd4 29. Rb7 g6 30. Nbc4 Rc8 31. Bb3 g5 32. Nf3 Bc5 33. Nxg5 Rf8 34. Nb2 Be2 35. Bc4 Bh5 36. Nd3 Ba3 37. Nxf4 Bd1 38. Be2 Bc2 39. Bh5 Bc1 40. Bxf7+ Kh8 41. Nfe6 Rc8 42. Bh5 h6 43. Rh7+ 1-0

[Event "Teresina Taca"]
[Site "Teresina"]
[Date "2010.08.15"]
[Round "3"]
[White "Nogueira, Ivan Kuhlmann"]
[Black "Silva Sobrinho, Agostinho Jose"]
[Result "1-0"]
[WhiteElo "2324"]
[BlackElo "2139"]
[PlyCount "109"]
[EventDate "2010.08.14"]
[EventType "swiss"]
[EventRounds "6"]
[EventCountry "BRA"]
[SourceTitle "EXT 2022"]
[Source "ChessBase"]
[SourceDate "2021.10.06"]
[SourceVersion "1"]
[SourceVersionDate "2021.10.06"]
[SourceQuality "1"]

1. e4 c5 2. Nf3 e6 3. g3 Nf6 4. Qe2 Nc6 5. c3 d5 6. e5 Nd7 7. Bh3 Qc7 8. d4 cxd4 9. Bf4 d3 10. Qxd3 Ndxe5 11. Nxe5 Nxe5 12. Qe2 Bd6 13. Na3 a6 14. 0-0 0-0 15. Rfe1 f6 16. Nc2 g5 17. Bc1 Qc4 18. f4 Qxe2 19. Rxe2 gxf4 20. gxf4 Ng6 21. f5 exf5 22. Bg2 Bc5+ 23. Be3 Bxe3+ 24. Rxe3 f4 25. Bxd5+ Kg7 26. Re2 Bg4 27. Rg2 Bh3 28. Rf2 Rab8 29. Nd4 Rfe8 30. Bg2 Bxg2 31. Kxg2 Re5 32. Nf3 Re3 33. Rd1 Ne5 34. Nd4 Kf7 35. Rxf4 Nd3 36. Rh4 Rg8+ 37. Kf1 Rg7 38. Nc2 Rf3+ 39. Ke2 Ne5 40. Ne3 Ke6 41. Rd8 Re7 42. c4 Rf5 43. Nxf5 Kxf5 44. Rd5 Kg5 45. Re4 h5 46. c5 Kf5 47. Re3 Kf4 48. Rd4+ Kf5 49. a4 Re6 50. b4 Kg5 51. Rd5 Kg6 52. b5 Kf7 53. Rd8 axb5 54. axb5 Re7 55. Rc8 1-0